[Event "Northumbria Masters GM"]
[Site "Newcastle"]
[Date "2021.08.26"]
[Round "1.1"]
[White "Haria, Ravi"]
[Black "Roberson, Peter T"]
[Result "1-0"]
[WhiteElo "2440"]
[BlackElo "2437"]
[PlyCount "71"]
[EventDate "2021.08.26"]
[EventType "tourn"]
[EventRounds "9"]
[EventCountry "ENG"]
[EventCategory "8"]
[SourceTitle "The Week in Chess 1399"]
[Source "Mark Crowther"]
[SourceDate "2021.08.30"]
[SourceVersion "1"]
[SourceVersionDate "2021.08.30"]
[SourceQuality "2"]

1. e4 c5 2. Nf3 d6 3. Bb5+ Bd7 4. Bxd7+ Nxd7 5. O-O Ngf6 6. Qe2 e6 7. d4 cxd4
8. Nxd4 Qa5 9. c4 Rc8 10. b3 Qe5 11. Be3 Qxe4 12. Nc3 Qg4 13. Qd2 Be7 14. Ndb5
O-O 15. Nxa7 Ra8 16. Nab5 Rfd8 17. Rad1 Ne5 18. f3 Qh5 19. g4 Qg6 20. Qg2 d5
21. g5 Nh5 22. f4 Nd7 23. cxd5 Bc5 24. Bxc5 Nxc5 25. d6 h6 26. b4 Nd7 27. h4
hxg5 28. hxg5 Nb6 29. Rf2 Rac8 30. Qh3 Rc4 31. Rh2 Rxf4 32. Qxh5 Qxh5 33. Rxh5
Rxb4 34. Rh2 Nc4 35. Rd4 f6 36. g6 1-0

[Event "Northumbria Masters GM"]
[Site "Newcastle"]
[Date "2021.08.26"]
[Round "1.2"]
[White "Harvey, Marcus R"]
[Black "Wadsworth, Matthew J"]
[Result "1-0"]
[WhiteElo "2440"]
[BlackElo "2416"]
[PlyCount "115"]
[EventDate "2021.08.26"]
[EventType "tourn"]
[EventRounds "9"]
[EventCountry "ENG"]
[EventCategory "8"]
[SourceTitle "The Week in Chess 1399"]
[Source "Mark Crowther"]
[SourceDate "2021.08.30"]
[SourceVersion "1"]
[SourceVersionDate "2021.08.30"]
[SourceQuality "2"]

1. c4 c6 2. d4 d5 3. Nf3 Nf6 4. Nc3 dxc4 5. e4 b5 6. Be2 e6 7. O-O Be7 8. a4 b4
9. e5 bxc3 10. exf6 Bxf6 11. bxc3 O-O 12. Bxc4 Ba6 13. Bxa6 Nxa6 14. Qe2 Qa5
15. Bf4 Nc7 16. c4 Rfd8 17. Ne5 Bxe5 18. Bxe5 c5 19. Qg4 Ne8 20. Rfd1 cxd4 21.
Bxd4 Rac8 22. c5 Qb4 23. f3 f5 24. Qh4 e5 25. Bf2 Rxd1+ 26. Rxd1 Qxh4 27. Bxh4
Rxc5 28. Rd8 Kf8 29. Be1 Rc1 30. Kf1 Ke7 31. Ra8 Nc7 32. Rxa7 Kd6 33. Ke2 Rc2+
34. Bd2 Ra2 35. Kd1 Ne6 36. a5 e4 37. fxe4 fxe4 38. a6 Nd4 39. Be3 Nf5 40. Bf4+
Kd5 41. Ra8 Kc6 42. a7 Kb7 43. Rf8 g6 44. g4 Nd4 45. Be3 Nc6 46. Rf7+ Ka8 47.
Rxh7 Ra3 48. Ke2 Ra2+ 49. Kf1 Ra1+ 50. Kf2 Ra2+ 51. Kg3 Ra3 52. Kf4 g5+ 53.
Kxe4 Ra4+ 54. Kf3 Nd4+ 55. Kg2 Ra2+ 56. Bf2 Nc6 57. Rc7 Ra6 58. h3 1-0

[Event "Northumbria Masters GM"]
[Site "Newcastle"]
[Date "2021.08.26"]
[Round "1.3"]
[White "Cherniaev, Alexander"]
[Black "Murphy, Conor E"]
[Result "0-1"]
[WhiteElo "2438"]
[BlackElo "2382"]
[PlyCount "64"]
[EventDate "2021.08.26"]
[EventType "tourn"]
[EventRounds "9"]
[EventCountry "ENG"]
[EventCategory "8"]
[SourceTitle "The Week in Chess 1399"]
[Source "Mark Crowther"]
[SourceDate "2021.08.30"]
[SourceVersion "1"]
[SourceVersionDate "2021.08.30"]
[SourceQuality "2"]

1. e4 e5 2. Nf3 Nc6 3. Bb5 Nf6 4. Qe2 Bc5 5. c3 O-O 6. O-O Re8 7. d3 h6 8. h3
d5 9. Rd1 Qe7 10. Nbd2 Bd7 11. Ba4 Nd8 12. Bb3 Ne6 13. Nf1 dxe4 14. dxe4 Nf4
15. Bxf4 exf4 16. e5 Bc6 17. e6 fxe6 18. Ne5 Be4 19. Nd2 Bh7 20. Qf3 c6 21.
Qxf4 Rf8 22. Qh4 Rae8 23. Nef3 Qc7 24. Rac1 Nd5 25. Qc4 Qb6 26. Qf1 Nf4 27. Nc4
Qc7 28. Nd4 Kh8 29. Bc2 e5 30. Nb3 Bxf2+ 31. Qxf2 Nxh3+ 32. gxh3 Rxf2 0-1

[Event "Northumbria Masters GM"]
[Site "Newcastle"]
[Date "2021.08.26"]
[Round "1.4"]
[White "Fodor, Tamas jr"]
[Black "Eggleston, David J"]
[Result "1-0"]
[WhiteElo "2520"]
[BlackElo "2381"]
[PlyCount "111"]
[EventDate "2021.08.26"]
[EventType "tourn"]
[EventRounds "9"]
[EventCountry "ENG"]
[EventCategory "8"]
[SourceTitle "The Week in Chess 1399"]
[Source "Mark Crowther"]
[SourceDate "2021.08.30"]
[SourceVersion "1"]
[SourceVersionDate "2021.08.30"]
[SourceQuality "2"]

1. d4 Nf6 2. c4 e6 3. Nc3 Bb4 4. e3 O-O 5. Bd2 d5 6. Nf3 b6 7. cxd5 exd5 8. Rc1
a6 9. Bd3 Bb7 10. O-O Re8 11. Ne5 Bd6 12. f4 c5 13. Be1 cxd4 14. exd4 Nc6 15.
Bf2 Rc8 16. Qf3 Be7 17. Rcd1 b5 18. Bf5 Rc7 19. a3 b4 20. axb4 Nxb4 21. Rfe1
Qa8 22. Bg3 Bc8 23. Bb1 a5 24. Bh4 Rd8 25. Re3 Qa6 26. Rde1 h6 27. f5 Qb6 28.
Bf2 Rb7 29. R3e2 Bd6 30. g4 Rc7 31. h4 Ba6 32. Rd2 Bb7 33. g5 Ne4 34. Nxe4 dxe4
35. Bxe4 Bxe4 36. Qxe4 hxg5 37. hxg5 Qb5 38. g6 fxg6 39. Nxg6 Qd5 40. Qh4 Rf8
41. Qh8+ Kf7 42. Qh5 Kg8 43. Nxf8 Bxf8 44. Re5 Rc1+ 45. Rd1 Qc4 46. Rxc1 Qxc1+
47. Re1 Qxb2 48. f6 Qa2 49. fxg7 Kxg7 50. Re5 Qb1+ 51. Kg2 Nd3 52. Rg5+ Kf6 53.
Rf5+ Ke6 54. Qf7+ Kd6 55. Qd5+ Kc7 56. Rf7+ 1-0

[Event "Northumbria Masters GM"]
[Site "Newcastle"]
[Date "2021.08.26"]
[Round "1.5"]
[White "Kilpatrick, Callum"]
[Black "Turner, Matthew J"]
[Result "1/2-1/2"]
[WhiteElo "2381"]
[BlackElo "2509"]
[PlyCount "141"]
[EventDate "2021.08.26"]
[EventType "tourn"]
[EventRounds "9"]
[EventCountry "ENG"]
[EventCategory "8"]
[SourceTitle "The Week in Chess 1399"]
[Source "Mark Crowther"]
[SourceDate "2021.08.30"]
[SourceVersion "1"]
[SourceVersionDate "2021.08.30"]
[SourceQuality "2"]

1. e4 e5 2. Nf3 Nc6 3. Bb5 a6 4. Ba4 Nf6 5. O-O d6 6. Re1 Be7 7. Bxc6+ bxc6 8.
d4 exd4 9. Nxd4 Bd7 10. Nc3 O-O 11. Qf3 Re8 12. b3 Bf8 13. Bg5 h6 14. Bh4 g5
15. Bg3 Bg7 16. h3 Nh5 17. Rad1 Nxg3 18. Qxg3 Qf6 19. Re3 Qg6 20. f4 c5 21. f5
Qh7 22. Nde2 Bc6 23. Nd5 Bxd5 24. Rxd5 Be5 25. Qg4 Re7 26. Kh1 Rae8 27. Rd1 f6
28. Qh5 Qg7 29. Re1 Kh7 30. Ng1 Qf7 31. Qd1 Bd4 32. R3e2 g4 33. Qd3 Qh5 34. c3
Be5 35. Qxa6 Bxc3 36. Rc1 Bd4 37. Qd3 Rg8 38. a4 Reg7 39. a5 gxh3 40. Qxh3 Qf7
41. Nf3 Rg3 42. Qh2 Be5 43. Nxe5 fxe5 44. Rce1 Qxb3 45. a6 Ra8 46. Qh5 Rg5 47.
Qh4 Rxa6 48. Re3 Qc2 49. R1e2 Ra1+ 50. Kh2 Qd1 51. Re1 Rh5 52. Rxd1 Rxh4+ 53.
Kg3 Rxd1 54. Kxh4 Rd4 55. Kh5 c4 56. Rg3 Rxe4 57. f6 d5 58. Rg7+ Kh8 59. g3 c3
60. Kg6 Rg4+ 61. Kf7 h5 62. Rxg4 hxg4 63. Ke7 c2 64. f7 c1=Q 65. f8=Q+ Kh7 66.
Qf5+ Kh6 67. Qf6+ Kh5 68. Qh4+ Kg6 69. Qf6+ Kh5 70. Qh4+ Kg6 71. Qf6+ 1/2-1/2

[Event "Northumbria Masters GM"]
[Site "Newcastle"]
[Date "2021.08.27"]
[Round "2.1"]
[White "Roberson, Peter T"]
[Black "Turner, Matthew J"]
[Result "1/2-1/2"]
[WhiteElo "2437"]
[BlackElo "2509"]
[PlyCount "79"]
[EventDate "2021.08.26"]
[EventType "tourn"]
[EventRounds "9"]
[EventCountry "ENG"]
[EventCategory "8"]
[SourceTitle "The Week in Chess 1399"]
[Source "Mark Crowther"]
[SourceDate "2021.08.30"]
[SourceVersion "1"]
[SourceVersionDate "2021.08.30"]
[SourceQuality "2"]

1. e4 e5 2. Nf3 Nc6 3. Bc4 Bc5 4. c3 Nf6 5. d4 exd4 6. e5 d5 7. Bb5 Ne4 8. cxd4
Bb6 9. Nc3 O-O 10. Be3 f6 11. exf6 Nxc3 12. bxc3 Qxf6 13. O-O Bg4 14. Be2 Rae8
15. a4 Qd6 16. Re1 Na5 17. Ne5 Bxe2 18. Rxe2 c5 19. dxc5 Bxc5 20. Bxc5 Qxc5 21.
Rb1 Qd6 22. Nf3 Qc6 23. Rxe8 Rxe8 24. Rb5 Qxc3 25. Qxd5+ Kh8 26. g3 b6 27. Ne5
Qe1+ 28. Kg2 h6 29. h4 Qe2 30. h5 Kh7 31. Ng6 Nc4 32. Rb3 Nd2 33. Qf5 Qf1+ 34.
Kh2 Nxb3 35. Ne5+ Kh8 36. Nf7+ Kg8 37. Nxh6+ gxh6 38. Qg6+ Kf8 39. Qf6+ Kg8 40.
Qg6+ 1/2-1/2

[Event "Northumbria Masters GM"]
[Site "Newcastle"]
[Date "2021.08.27"]
[Round "2.2"]
[White "Murphy, Conor E"]
[Black "Kilpatrick, Callum"]
[Result "1/2-1/2"]
[WhiteElo "2382"]
[BlackElo "2381"]
[PlyCount "98"]
[EventDate "2021.08.26"]
[EventType "tourn"]
[EventRounds "9"]
[EventCountry "ENG"]
[EventCategory "8"]
[SourceTitle "The Week in Chess 1399"]
[Source "Mark Crowther"]
[SourceDate "2021.08.30"]
[SourceVersion "1"]
[SourceVersionDate "2021.08.30"]
[SourceQuality "2"]

1. e4 e5 2. Nf3 Nc6 3. Bc4 Nf6 4. Ng5 d5 5. exd5 Na5 6. Bb5+ c6 7. dxc6 bxc6 8.
Bd3 Nd5 9. Nf3 Bd6 10. O-O O-O 11. Re1 Bg4 12. h3 Bh5 13. Bf5 Qf6 14. Be4 Rae8
15. Nc3 Qd8 16. Nxd5 cxd5 17. Bxd5 Bb8 18. c4 Nxc4 19. Bxc4 e4 20. d3 exf3 21.
Be3 Qd6 22. g3 Qg6 23. Kh2 Bxg3+ 24. fxg3 f2 25. Qd2 fxe1=Q 26. Rxe1 Re7 27.
Bc5 Rxe1 28. Qxe1 Rc8 29. Qe5 Bf3 30. Bxa7 h5 31. Bc5 Bb7 32. b4 h4 33. Bb5 Qh6
34. Qf4 hxg3+ 35. Kxg3 Qh5 36. Qg4 Qd5 37. Bc4 Qg2+ 38. Kh4 Qc6 39. Bd4 Qh6+
40. Kg3 Re8 41. Qf5 Qd6+ 42. Qf4 Qg6+ 43. Qg4 Qh6 44. Qf5 Kh8 45. Qf4 Qg6+ 46.
Qg4 Qd6+ 47. Qf4 Qg6+ 48. Qg4 Qd6+ 49. Qf4 Qg6+ 1/2-1/2

[Event "Northumbria Masters GM"]
[Site "Newcastle"]
[Date "2021.08.27"]
[Round "2.3"]
[White "Eggleston, David J"]
[Black "Cherniaev, Alexander"]
[Result "1-0"]
[WhiteElo "2381"]
[BlackElo "2438"]
[PlyCount "59"]
[EventDate "2021.08.26"]
[EventType "tourn"]
[EventRounds "9"]
[EventCountry "ENG"]
[EventCategory "8"]
[SourceTitle "The Week in Chess 1399"]
[Source "Mark Crowther"]
[SourceDate "2021.08.30"]
[SourceVersion "1"]
[SourceVersionDate "2021.08.30"]
[SourceQuality "2"]

1. e4 d6 2. d4 Nf6 3. Nc3 e5 4. Nf3 Nbd7 5. Bc4 Be7 6. O-O O-O 7. Re1 a6 8. a4
b6 9. Bg5 c6 10. Qd2 Kh8 11. h3 Bb7 12. Bb3 Qe8 13. Nh4 g6 14. Nf3 Nh5 15. Bh6
Ng7 16. Rad1 Bc8 17. Ng5 Nf6 18. Nf3 Nd7 19. Qe3 Rb8 20. Ng5 Nf6 21. Qf3 Kg8
22. dxe5 dxe5 23. Qg3 Bc5 24. Nf3 Nd7 25. Qh4 Be7 26. Bg5 Bb4 27. Qh6 Nh5 28.
g4 Ndf6 29. gxh5 Nxh5 30. Rd8 1-0

[Event "Northumbria Masters GM"]
[Site "Newcastle"]
[Date "2021.08.27"]
[Round "2.4"]
[White "Wadsworth, Matthew J"]
[Black "Fodor, Tamas jr"]
[Result "1/2-1/2"]
[WhiteElo "2416"]
[BlackElo "2520"]
[PlyCount "47"]
[EventDate "2021.08.26"]
[EventType "tourn"]
[EventRounds "9"]
[EventCountry "ENG"]
[EventCategory "8"]
[SourceTitle "The Week in Chess 1399"]
[Source "Mark Crowther"]
[SourceDate "2021.08.30"]
[SourceVersion "1"]
[SourceVersionDate "2021.08.30"]
[SourceQuality "2"]

1. Nf3 d5 2. g3 c6 3. Bg2 Nf6 4. c4 dxc4 5. O-O Nbd7 6. Na3 Nb6 7. Qc2 Be6 8.
Ng5 Bg4 9. Nxc4 Bxe2 10. Ne5 Bh5 11. Re1 h6 12. Ne4 e6 13. Nxf6+ gxf6 14. Nxc6
bxc6 15. Bxc6+ Nd7 16. Qf5 Bg6 17. Rxe6+ Be7 18. Qxf6 Rg8 19. Re1 Kf8 20. Qf4
Rc8 21. Qxh6+ Rg7 22. Qh8+ Rg8 23. Qh6+ Rg7 24. Qh8+ 1/2-1/2

[Event "Northumbria Masters GM"]
[Site "Newcastle"]
[Date "2021.08.27"]
[Round "2.5"]
[White "Haria, Ravi"]
[Black "Harvey, Marcus R"]
[Result "1/2-1/2"]
[WhiteElo "2440"]
[BlackElo "2440"]
[PlyCount "28"]
[EventDate "2021.08.26"]
[EventType "tourn"]
[EventRounds "9"]
[EventCountry "ENG"]
[EventCategory "8"]
[SourceTitle "The Week in Chess 1399"]
[Source "Mark Crowther"]
[SourceDate "2021.08.30"]
[SourceVersion "1"]
[SourceVersionDate "2021.08.30"]
[SourceQuality "2"]

1. e4 e5 2. Nf3 Nf6 3. d4 Nxe4 4. Bd3 Nc6 5. Nxe5 Nxe5 6. Bxe4 d5 7. dxe5 dxe4
8. Qxd8+ Kxd8 9. Nc3 Bb4 10. Bg5+ Ke8 11. O-O-O Bg4 12. Rd4 Bxc3 13. bxc3 h6
14. Rxe4 Bh3 1/2-1/2

[Event "Northumbria Masters GM"]
[Site "Newcastle"]
[Date "2021.08.27"]
[Round "3.1"]
[White "Harvey, Marcus R"]
[Black "Roberson, Peter T"]
[Result "1-0"]
[WhiteElo "2440"]
[BlackElo "2437"]
[PlyCount "87"]
[EventDate "2021.08.26"]
[EventType "tourn"]
[EventRounds "9"]
[EventCountry "ENG"]
[EventCategory "8"]
[SourceTitle "The Week in Chess 1399"]
[Source "Mark Crowther"]
[SourceDate "2021.08.30"]
[SourceVersion "1"]
[SourceVersionDate "2021.08.30"]
[SourceQuality "2"]

1. d4 d5 2. Nf3 Nf6 3. c4 c6 4. Nc3 e6 5. Qd3 dxc4 6. Qxc4 b5 7. Qd3 a6 8. g4
c5 9. g5 c4 10. Qe3 Nd5 11. Nxd5 Qxd5 12. Bg2 Bb7 13. h4 Be7 14. O-O O-O 15. h5
Qe4 16. h6 gxh6 17. gxh6 Nd7 18. Qxe4 Bxe4 19. Ng5 Bxg2 20. Kxg2 Bxg5 21. Bxg5
f6 22. Bd2 Kf7 23. e4 Rg8+ 24. Kf3 f5 25. exf5 exf5 26. Rg1 Nf6 27. Rxg8 Rxg8
28. a4 Ne4 29. Bb4 bxa4 30. Rxa4 Rg6 31. Ra5 Rxh6 32. Rxf5+ Nf6 33. Bd2 Rh3+
34. Ke2 Rb3 35. Bc3 Rb5 36. d5 Rb6 37. Rf4 Ke7 38. d6+ Rxd6 39. Bb4 Nd5 40.
Bxd6+ Kxd6 41. Rxc4 h5 42. Ra4 Nc7 43. Ra5 Ne6 44. Rxa6+ 1-0

[Event "Northumbria Masters GM"]
[Site "Newcastle"]
[Date "2021.08.27"]
[Round "3.2"]
[White "Fodor, Tamas jr"]
[Black "Haria, Ravi"]
[Result "1/2-1/2"]
[WhiteElo "2520"]
[BlackElo "2440"]
[PlyCount "29"]
[EventDate "2021.08.26"]
[EventType "tourn"]
[EventRounds "9"]
[EventCountry "ENG"]
[EventCategory "8"]
[SourceTitle "The Week in Chess 1399"]
[Source "Mark Crowther"]
[SourceDate "2021.08.30"]
[SourceVersion "1"]
[SourceVersionDate "2021.08.30"]
[SourceQuality "2"]

1. d4 e6 2. e4 d5 3. Nc3 Nf6 4. e5 Nfd7 5. Nce2 c5 6. c3 Nc6 7. Nf3 b5 8. Nf4
Qb6 9. Be2 a5 10. O-O Ba6 11. Re1 Be7 12. h4 b4 13. Be3 Bxe2 14. Rxe2 O-O 15.
Rc1 1/2-1/2

[Event "Northumbria Masters GM"]
[Site "Newcastle"]
[Date "2021.08.27"]
[Round "3.3"]
[White "Cherniaev, Alexander"]
[Black "Wadsworth, Matthew J"]
[Result "0-1"]
[WhiteElo "2438"]
[BlackElo "2416"]
[PlyCount "58"]
[EventDate "2021.08.26"]
[EventType "tourn"]
[EventRounds "9"]
[EventCountry "ENG"]
[EventCategory "8"]
[SourceTitle "The Week in Chess 1399"]
[Source "Mark Crowther"]
[SourceDate "2021.08.30"]
[SourceVersion "1"]
[SourceVersionDate "2021.08.30"]
[SourceQuality "2"]

1. e4 e6 2. d4 d5 3. e5 c5 4. c3 Qb6 5. Nf3 Nc6 6. a3 Nh6 7. b4 cxd4 8. Bxh6
gxh6 9. cxd4 Bd7 10. Ra2 Rc8 11. Be2 Bg7 12. O-O O-O 13. b5 Na5 14. a4 a6 15.
Nbd2 axb5 16. axb5 Nc4 17. Bd3 Bxb5 18. Qb1 Bc6 19. Bxh7+ Kh8 20. Qxb6 Nxb6 21.
Bd3 Nc4 22. Rb1 Rfd8 23. Kf1 Bf8 24. Ke2 b5 25. Ne1 Na3 26. Rba1 b4 27. Nc2 Ba4
28. Ne3 Rc7 29. Rxa3 bxa3 0-1

[Event "Northumbria Masters GM"]
[Site "Newcastle"]
[Date "2021.08.27"]
[Round "3.4"]
[White "Kilpatrick, Callum"]
[Black "Eggleston, David J"]
[Result "1/2-1/2"]
[WhiteElo "2381"]
[BlackElo "2381"]
[PlyCount "145"]
[EventDate "2021.08.26"]
[EventType "tourn"]
[EventRounds "9"]
[EventCountry "ENG"]
[EventCategory "8"]
[SourceTitle "The Week in Chess 1399"]
[Source "Mark Crowther"]
[SourceDate "2021.08.30"]
[SourceVersion "1"]
[SourceVersionDate "2021.08.30"]
[SourceQuality "2"]

1. e4 e6 2. d4 d5 3. Nd2 c5 4. Ngf3 Nf6 5. exd5 exd5 6. Bb5+ Bd7 7. Bxd7+ Nbxd7
8. O-O Be7 9. dxc5 Nxc5 10. Nb3 Nce4 11. Nfd4 Qd7 12. Qf3 O-O 13. c3 Rfe8 14.
h3 Rac8 15. Be3 Nd6 16. Rad1 Nc4 17. Bc1 Ne4 18. Qg4 Qxg4 19. hxg4 Bg5 20. Bxg5
Nxg5 21. Rb1 g6 22. Rfc1 a6 23. Rc2 Kg7 24. f3 Ne6 25. g3 b6 26. Nxe6+ fxe6 27.
Re1 e5 28. Rce2 Kf6 29. Nc1 e4 30. Nb3 Kf7 31. f4 g5 32. Rh2 gxf4 33. gxf4 Kg8
34. Nd4 e3 35. Nf5 Re4 36. b3 Nd2 37. Rh3 Rxc3 38. Rexe3 Rcxe3 39. Nxe3 Rxf4
40. Nxd5 Rxg4+ 41. Kf2 Rg7 42. Nxb6 Rc7 43. Ke2 Rc2 44. Kd3 Rxa2 45. Kc3 Ne4+
46. Kd4 Nf6 47. Nc4 Re2 48. Kc5 h5 49. b4 Re6 50. Nd6 Re1 51. Ra3 h4 52. Nc4
Ng4 53. Rh3 Ne5 54. Rxh4 Nd3+ 55. Kd6 Nxb4 56. Ne5 a5 57. Rg4+ Kf8 58. Rf4+ Kg7
59. Nc4 Rd1+ 60. Ke6 Re1+ 61. Kd6 a4 62. Rg4+ Kf6 63. Na3 Ra1 64. Rxb4 Rxa3 65.
Rf4+ Kg5 66. Rf1 Rc3 67. Ra1 a3 68. Kd5 Kf4 69. Kd4 Rf3 70. Kc4 Ke5 71. Kb4 Kd4
72. Rxa3 Rxa3 73. Kxa3 1/2-1/2

[Event "Northumbria Masters GM"]
[Site "Newcastle"]
[Date "2021.08.27"]
[Round "3.5"]
[White "Turner, Matthew J"]
[Black "Murphy, Conor E"]
[Result "0-1"]
[WhiteElo "2509"]
[BlackElo "2382"]
[PlyCount "86"]
[EventDate "2021.08.26"]
[EventType "tourn"]
[EventRounds "9"]
[EventCountry "ENG"]
[EventCategory "8"]
[SourceTitle "The Week in Chess 1399"]
[Source "Mark Crowther"]
[SourceDate "2021.08.30"]
[SourceVersion "1"]
[SourceVersionDate "2021.08.30"]
[SourceQuality "2"]

1. d4 d5 2. Bf4 e6 3. e3 Bd6 4. Bg3 Nf6 5. Nd2 O-O 6. Bd3 c5 7. c3 Qc7 8. Ngf3
Nbd7 9. Bxd6 Qxd6 10. O-O e5 11. dxe5 Nxe5 12. Nxe5 Qxe5 13. Re1 Bf5 14. Nf3
Qe6 15. Bxf5 Qxf5 16. Qb3 b6 17. a4 Rad8 18. Re2 Rfe8 19. a5 Re6 20. axb6 axb6
21. Qc2 Ne4 22. Nd2 g6 23. Nf1 Qe5 24. Ra7 h5 25. Qa4 Kg7 26. f3 Nd6 27. Qh4
Rde8 28. Re1 Nc4 29. Qf2 Qf5 30. b4 Qd3 31. bxc5 Qxc3 32. cxb6 Rxb6 33. Ra2 Nb2
34. Qd2 d4 35. e4 Qxd2 36. Nxd2 Rc8 37. Nf1 Rc2 38. Rb1 d3 39. Ne3 Re2 40. Nd5
Rb3 41. Nf4 Rc2 42. h4 d2 43. Ne2 Rd3 0-1

[Event "Northumbria Masters GM"]
[Site "Newcastle"]
[Date "2021.08.28"]
[Round "4.1"]
[White "Roberson, Peter T"]
[Black "Murphy, Conor E"]
[Result "0-1"]
[WhiteElo "2437"]
[BlackElo "2382"]
[PlyCount "88"]
[EventDate "2021.08.26"]
[EventType "tourn"]
[EventRounds "9"]
[EventCountry "ENG"]
[EventCategory "8"]
[SourceTitle "The Week in Chess 1399"]
[Source "Mark Crowther"]
[SourceDate "2021.08.30"]
[SourceVersion "1"]
[SourceVersionDate "2021.08.30"]
[SourceQuality "2"]

1. e4 e5 2. Nf3 Nc6 3. Bc4 Nf6 4. d4 exd4 5. e5 Ne4 6. Qe2 Nc5 7. c3 d3 8. Qe3
Be7 9. b4 Ne6 10. O-O d6 11. exd6 Bxd6 12. Rd1 Qf6 13. Nbd2 Bf4 14. Qxd3 O-O
15. Ne4 Qf5 16. Ng3 Qxd3 17. Bxd3 Ne5 18. Be4 c6 19. Nd4 Bxc1 20. Raxc1 a5 21.
b5 cxb5 22. Nxb5 Rb8 23. Nd6 b6 24. Ngf5 Ba6 25. Ne7+ Kh8 26. g3 Nc5 27. Bd5
Rbd8 28. Nc6 Nxc6 29. Nxf7+ Rxf7 30. Bxf7 Nd3 31. Rb1 b5 32. Rd2 g6 33. f4 Kg7
34. Bb3 b4 35. cxb4 Nd4 36. Bd1 axb4 37. Be2 Nxf4 38. Bxa6 Nf3+ 39. Kf2 Nxd2
40. Rxb4 Ne6 41. Ke2 Nc5 42. Bb7 Kh8 43. a4 Ndb3 44. Bc6 Nd4+ 0-1

[Event "Northumbria Masters GM"]
[Site "Newcastle"]
[Date "2021.08.28"]
[Round "4.2"]
[White "Eggleston, David J"]
[Black "Turner, Matthew J"]
[Result "0-1"]
[WhiteElo "2381"]
[BlackElo "2509"]
[PlyCount "46"]
[EventDate "2021.08.26"]
[EventType "tourn"]
[EventRounds "9"]
[EventCountry "ENG"]
[EventCategory "8"]
[SourceTitle "The Week in Chess 1399"]
[Source "Mark Crowther"]
[SourceDate "2021.08.30"]
[SourceVersion "1"]
[SourceVersionDate "2021.08.30"]
[SourceQuality "2"]

1. e4 e5 2. Nf3 Nc6 3. Bb5 a6 4. Ba4 Nf6 5. O-O b5 6. Bb3 Bc5 7. c3 d6 8. d4
Bb6 9. a4 Bg4 10. Be3 O-O 11. axb5 axb5 12. Rxa8 Qxa8 13. dxe5 Nxe5 14. Bxb6
cxb6 15. Re1 Bxf3 16. gxf3 Nh5 17. Na3 Qd8 18. Nxb5 Nf4 19. Kh1 Ned3 20. Qd2
Qg5 21. Rg1 Qxb5 22. Bc2 Nh3 23. Rg3 Ndf4 0-1

[Event "Northumbria Masters GM"]
[Site "Newcastle"]
[Date "2021.08.28"]
[Round "4.3"]
[White "Wadsworth, Matthew J"]
[Black "Kilpatrick, Callum"]
[Result "1-0"]
[WhiteElo "2416"]
[BlackElo "2381"]
[PlyCount "105"]
[EventDate "2021.08.26"]
[EventType "tourn"]
[EventRounds "9"]
[EventCountry "ENG"]
[EventCategory "8"]
[SourceTitle "The Week in Chess 1399"]
[Source "Mark Crowther"]
[SourceDate "2021.08.30"]
[SourceVersion "1"]
[SourceVersionDate "2021.08.30"]
[SourceQuality "2"]

1. c4 Nf6 2. Nc3 e5 3. g3 g6 4. Bg2 Bg7 5. d3 O-O 6. Rb1 Nc6 7. b4 d6 8. Nf3 h6
9. b5 Ne7 10. O-O Be6 11. Ba3 Qd7 12. Nd2 Bh3 13. Bxb7 Bxf1 14. Qxf1 Rab8 15.
Qg2 Nh7 16. Bb4 f5 17. Nd5 f4 18. Nxe7+ Qxe7 19. Bd5+ Kh8 20. Ne4 fxg3 21. hxg3
Nf6 22. Nxf6 Bxf6 23. Qe4 Kg7 24. Kg2 h5 25. Rh1 c5 26. Be1 Bg5 27. a4 h4 28.
Qg4 hxg3 29. fxg3 Rh8 30. Rxh8 Kxh8 31. a5 Kg7 32. Be4 Qf6 33. Qd7+ Qe7 34. Qg4
Qf6 35. b6 a6 36. Qd7+ Qe7 37. Qa7 Rh8 38. Qxe7+ Bxe7 39. Bb7 Rb8 40. Bxa6 Bd8
41. Bb5 Kf6 42. Kf3 Ke6 43. Kg4 d5 44. Bc6 dxc4 45. dxc4 Bxb6 46. axb6 Rxb6 47.
Bd5+ Kd6 48. e4 Rb3 49. Bd2 Rd3 50. Bh6 Ke7 51. Bg7 Kd6 52. Bf8+ Kd7 53. Bxc5
1-0

[Event "Northumbria Masters GM"]
[Site "Newcastle"]
[Date "2021.08.28"]
[Round "4.4"]
[White "Haria, Ravi"]
[Black "Cherniaev, Alexander"]
[Result "1-0"]
[WhiteElo "2440"]
[BlackElo "2438"]
[PlyCount "45"]
[EventDate "2021.08.26"]
[EventType "tourn"]
[EventRounds "9"]
[EventCountry "ENG"]
[EventCategory "8"]
[SourceTitle "The Week in Chess 1399"]
[Source "Mark Crowther"]
[SourceDate "2021.08.30"]
[SourceVersion "1"]
[SourceVersionDate "2021.08.30"]
[SourceQuality "2"]

1. e4 c5 2. Nf3 g6 3. c3 Nf6 4. e5 Nd5 5. d4 cxd4 6. cxd4 Bg7 7. Qb3 Nc7 8. Nc3
O-O 9. Bf4 d6 10. Rd1 Nc6 11. Be2 d5 12. O-O Rb8 13. h3 Bf5 14. Rc1 Be4 15.
Rfd1 Bxf3 16. Bxf3 e6 17. Na4 Qe7 18. Be2 Rfc8 19. Nc5 f6 20. exf6 Bxf6 21. Qe3
Nxd4 22. Rxd4 e5 23. Bg4 1-0

[Event "Northumbria Masters GM"]
[Site "Newcastle"]
[Date "2021.08.28"]
[Round "4.5"]
[White "Harvey, Marcus R"]
[Black "Fodor, Tamas jr"]
[Result "0-1"]
[WhiteElo "2440"]
[BlackElo "2520"]
[PlyCount "92"]
[EventDate "2021.08.26"]
[EventType "tourn"]
[EventRounds "9"]
[EventCountry "ENG"]
[EventCategory "8"]
[SourceTitle "The Week in Chess 1399"]
[Source "Mark Crowther"]
[SourceDate "2021.08.30"]
[SourceVersion "1"]
[SourceVersionDate "2021.08.30"]
[SourceQuality "2"]

1. c4 c6 2. d4 d5 3. cxd5 cxd5 4. Nc3 Nf6 5. Bf4 Nc6 6. e3 a6 7. Nf3 Bg4 8. h3
Bxf3 9. Qxf3 e6 10. Bd3 Bd6 11. O-O Bxf4 12. Qxf4 O-O 13. Rac1 Rc8 14. Bb1 b5
15. Rfd1 Na5 16. e4 b4 17. Ne2 dxe4 18. Bxe4 Qd7 19. b3 Nb7 20. Bd3 Nd6 21. Rc5
Nb5 22. Bxb5 axb5 23. Rdc1 h6 24. Qe5 Nd5 25. Nf4 Nxf4 26. Qxf4 Rfd8 27. d5
Rxc5 28. Rxc5 exd5 29. Qd4 Qa7 30. Qxb4 Qxa2 31. Qxb5 Qa1+ 32. Qf1 Qa3 33. Rc3
d4 34. Qc1 Qa6 35. Rc2 Qb7 36. Qb2 d3 37. Rc1 d2 38. Rd1 Qe4 39. Qc3 Qe2 40.
Qf3 Qe1+ 41. Kh2 Rc8 42. b4 Rc1 43. Qa8+ Kh7 44. Qd5 Qxd1 45. Qe4+ g6 46. Qd5
Rc7 0-1